000 01124nam a2200301 c 4500
003 BLK
005 20180420222911.0
008 180408b bul|||||r ||||||| ||bul||
010 _aKNG00063966000
040 _aBLK
041 _aBUL
_cBUL
080 _aТрактори. Влекачи
_b629.114.2
_x(075.8)
_z629.114.2(075.8)
100 1 _aВелев, Никола Начков
_eпърви автор
_9289249
139 _aВелев, Никола Н.
_bВ38Н
245 1 0 _aТрактори
_bУч. помагало за курсово и дипломно проектиране : За студентите от ВТУ А.Кънчев-Русе
_cНикола Начков Велев.
257 _aBGR
260 Русе
_bВТУ Ангел Кънчев
_c1983
300 _a195 с.
_c23 см
380 _a62
650 4 _aТрактори - проектиране и конструиране
_9289321
653 _aтрактори
653 _aучебници за ВУЗ
852 _aЦб І 22065
856 4 _qpdf
_u
856 4 _qpdf
_u
942 _cKNG
_n0
944 _aCR
_c13.06.2004
_kЧиталня
944 _aED
_c07.08.2015
_k
999 _c59839
_d59839